00426nam a2200133 i 450000100060000000300090000600500170001500700030003200800410003524501310007626000430020730000220025085200200027292902ES-MaACL20230906181101.0t|050330q1919 sp ||||1| spa d00aLirica mexicana b: Antología publicada por la Legación de México con motivo de la Fiesta de la Raza 12 Octubre de 1919. aMadrid : b[Jimenez y Molina, c1919?] a327 p. ; c14 cm. aES-MaACLjD-669